000 00296nam a2200121Ia 4500
005 20251222141924.0
008 251222s9999||||xx |||||||||||||| ||spa||
082 _a868.94/C33
100 _aCastello Branco, Carlos
245 0 _aCrónicas Políticas:
264 _bEmbajada de Brasil
942 _cLIB
999 _c8808
_d8808